|
|
|
|
| LEADER |
00000ngm a22000007i 4500 |
| 001 |
IT\ICCU\CAG\1021476 |
| 003 |
ItRI |
| 005 |
20260124182903.0 |
| 008 |
051026quuuuuuuuit |||||||||||||||k|||||c |
| 028 |
4 |
2 |
|a FCEB9036
|
| 040 |
|
|
|b ita
|
| 041 |
|
7 |
|a ita
|2 ISO-639-2
|
| 130 |
4 |
|
|a The boys next door <film ; 1984>
|3 IT\ICCU\CAG\1021494
|
| 245 |
0 |
2 |
|a I ragazzi della porta accanto /
|c un film di Penelope Spheeris. - [S.l.] : Fonit cetra video, [199.?]. - 1 videocassetta (VHS) (83 min.) : color.((Tit. del contenitore. - Lingua italiana. - Ripr. del film del 1984.
|
| 246 |
1 |
3 |
|a I ragazzi della porta accanto <videoregistrazione>
|9 IT\ICCU\CAG\1021486
|
| 700 |
1 |
|
|a Spheeris, Penelope
|0 IT\ICCU\MODV\170281
|
| 942 |
|
|
|2 ddc
|c VM
|n 0
|
| 952 |
|
|
|0 0
|1 0
|4 0
|6 VO_258_000000000000000
|7 0
|9 27587
|a BO
|b BO
|d 2026-01-24
|i 6858
|l 0
|o VO 258
|p BO6858
|r 2026-01-24 18:29:03
|w 2026-01-24
|x [Sebina 5] [1 videocassetta]
|y VM
|z 1 videocassetta
|
| 999 |
|
|
|c 23376
|d 23376
|